Kraje na literę E - Statystyki

Ogólne statystyki
  • Ten quiz został rozwiązany 239 razy
  • Średni wynik to 3 z 5
Statystyki odpowiedzi
Państwa % Poprawnych
Estonia
84%
Ekwador
70%
Etiopia
67%
Erytrea
66%
Egipt
49%
Nie znaleziono quizów pasujących do podanych kryteriów
Rozkład punktacji
Procent ludzi z każdym wynikiem
Percentyl według liczby udzielonych odpowiedzi
Twoja historia wyników
Nie rozwiązałeś tego quizu